[Event "12sen.WM-H Naumburg"]
[Site "Naumburg/Saale(20.10.-03.11.)"]
[Date "2002.10.29"]
[Round "7"]
[White "Haupt, Joachim"]
[Black "Nopp, Josef"]
[Result "1-0"]
[WhiteElo "1745"]
[BlackElo "1579"]
[PlyCount "68"]
[EventDate "2002.11.??"]

1. c4 Nf6 2. Nf3 e6 3. Nc3 d5 4. cxd5 exd5 5. e3 c6 6. a3 Be7 7. Be2 Bg4 8. b4
a6 9. Bb2 Nbd7 10. Nd4 Bxe2 11. Qxe2 O-O 12. Nf5 Re8 13. O-O Bf8 14. Rac1 g6
15. Nd4 c5 16. bxc5 Bxc5 17. Na4 Ba7 18. Qd1 b5 19. Nc3 Ne5 20. Nce2 Qd6 21. d3
Rac8 22. Qd2 Bb8 23. f4 Neg4 24. Rxc8 Rxc8 25. h3 Nh6 26. g4 Nd7 27. g5 Nf5 28.
Nxf5 gxf5 29. Rc1 Rf8 30. Qc3 f6 31. Nd4 fxg5 32. Nxf5 Qf6 33. Qxf6 Nxf6 34.
fxg5 Nh5 1-0

[Event "12sen.WM-H Naumburg"]
[Site "Naumburg/Saale(20.10.-03.11.)"]
[Date "2002.10.29"]
[Round "7"]
[White "Heinemann, Klaus_Detlef"]
[Black "Till, Heinz"]
[Result "0-1"]
[WhiteElo "1458"]
[BlackElo "1389"]
[PlyCount "122"]
[EventDate "2002.11.??"]

1. Nf3 g6 2. e4 d6 3. Bc4 Nf6 4. e5 Ng4 5. exd6 cxd6 6. O-O d5 7. Bb3 Bg7 8. h3
Nf6 9. c3 O-O 10. d3 Nc6 11. Bf4 Re8 12. Re1 e6 13. Nbd2 b6 14. Ne5 Bb7 15.
Ndf3 Nxe5 16. Bxe5 Bc6 17. Nd4 Bd7 18. Rc1 Rc8 19. c4 a6 20. a4 Qe7 21. Ba2
Red8 22. b3 Ne8 23. Bxg7 Kxg7 24. Nf3 Nf6 25. Ne5 Be8 26. Qf3 a5 27. Kh2 h6 28.
g3 Qd6 29. Rcd1 d4 30. Qg2 Rc5 31. f4 Ng8 32. Re2 f6 33. Ng4 h5 34. Nf2 f5 35.
Rde1 Bd7 36. Bb1 Re8 37. Re5 Bc6 38. Qg1 Nh6 39. Bc2 Nf7 40. Rxc5 bxc5 41. Bd1
e5 42. fxe5 Rxe5 43. h4 Rxe1 44. Qxe1 Ne5 45. Kh3 Qe6 46. Qxa5 f4+ 47. g4 hxg4+
48. Bxg4 Nxg4 49. Qc7+ Bd7 50. Kg2 Ne3+ 51. Kg1 Qf5 52. Qd8 Ng4 53. Ne4 f3 54.
Qe7+ Qf7 55. Qxf7+ Kxf7 56. Ng5+ Kf6 57. Nxf3 Ne5 58. Ne1 Bf5 59. Kf2 Nxd3+ 60.
Nxd3 Bxd3 61. Kg3 Bc2 0-1

[Event "12sen.WM-H Naumburg"]
[Site "Naumburg/Saale(20.10.-03.11.)"]
[Date "2002.10.29"]
[Round "7"]
[White "Hesselbarth, Karlheinz"]
[Black "Boeven, Manfred"]
[Result "1/2-1/2"]
[WhiteElo "1788"]
[BlackElo "2154"]
[PlyCount "120"]
[EventDate "2002.11.??"]

1. d4 d5 2. Nf3 Bf5 3. e3 e6 4. c4 c6 5. Nc3 Nf6 6. Qb3 Qb6 7. Be2 Nbd7 8. O-O
Be7 9. Nh4 Bg6 10. f4 Qxb3 11. axb3 Bc2 12. Bd1 Bd3 13. Be2 Bxe2 14. Nxe2 Ne4
15. Nf3 Nb6 16. c5 Nd7 17. Nc3 Ndf6 18. Nd2 Nxc3 19. bxc3 O-O 20. b4 a6 21. Bb2
Bd8 22. Ra3 Bc7 23. Rfa1 Ng4 24. c4 dxc4 25. Nxc4 Rad8 26. Bc3 Nf6 27. Be1 Ne4
28. Nd2 Nxd2 29. Bxd2 f6 30. Bc3 Rfe8 31. Rd1 e5 32. fxe5 fxe5 33. Raa1 e4 34.
Ra2 Rd5 35. Rf1 Rf8 36. Rxf8+ Kxf8 37. Rf2+ Ke7 38. Be1 Ke6 39. Rf8 Rd8 40. Rf2
Rd7 41. Rc2 Rf7 42. Rc1 Kd5 43. Rc2 g5 44. Rc1 h5 45. Bg3 Bxg3 46. hxg3 h4 47.
gxh4 gxh4 48. Rc3 Rf8 49. Rc2 h3 50. Kh2 hxg2 51. Kxg2 Rf3 52. Rc3 Rf8 53. Rc1
Ra8 54. Kg3 a5 55. bxa5 Rxa5 56. Kf4 Rb5 57. Rh1 b6 58. cxb6 Rxb6 59. Rh5+ Kd6
60. Kxe4 Rb3 1/2-1/2

[Event "12sen.WM-H Naumburg"]
[Site "Naumburg/Saale(20.10.-03.11.)"]
[Date "2002.10.29"]
[Round "7"]
[White "Hoeschele, Hans_Ulrich"]
[Black "Eidelmann, Vova"]
[Result "1-0"]
[WhiteElo "2159"]
[BlackElo "1845"]
[PlyCount "75"]
[EventDate "2002.11.??"]

1. Nf3 d5 2. b3 Nf6 3. Bb2 b6 4. e3 Bb7 5. Be2 e6 6. O-O Nbd7 7. a4 a5 8. Na3
c6 9. Ne5 Nxe5 10. Bxe5 Bd6 11. Bb2 e5 12. Qe1 O-O 13. f3 Nh5 14. f4 Nxf4 15.
exf4 exf4 16. Qf2 Re8 17. Rae1 Re4 18. Kh1 Bc5 19. d4 Be7 20. Bf3 Bh4 21. g3
fxg3 22. hxg3 Rxe1 23. Rxe1 Be7 24. c4 Qf8 25. Nc2 Rd8 26. cxd5 cxd5 27. Qe3
Bd6 28. Kg2 Bc6 29. Qd3 g6 30. Bc1 Bd7 31. Bxd5 Rc8 32. Bd2 Bxg3 33. Qxg3 Rxc2
34. Re2 Bf5 35. Qe5 Qd8 36. Kg1 Qf8 37. Qf6 Rc8 38. Bh6 1-0

[Event "12sen.WM-H Naumburg"]
[Site "Naumburg/Saale(20.10.-03.11.)"]
[Date "2002.10.29"]
[Round "7"]
[White "Ivanets, Vladimir[39Russl]"]
[Black "Neumann, Horst"]
[Result "1-0"]
[WhiteElo "2287"]
[BlackElo "2035"]
[PlyCount "77"]
[EventDate "2002.11.??"]

1. e4 c6 2. Ne2 d5 3. Ng3 e5 4. d3 Be6 5. Be2 Bc5 6. Nd2 Nd7 7. O-O Qc7 8. Nb3
Bb6 9. Nh5 Kf8 10. Bg4 Re8 11. Bxe6 Rxe6 12. a4 a6 13. a5 Ba7 14. Bd2 Rg6 15.
exd5 cxd5 16. Bb4+ Ke8 17. Ng3 Nh6 18. Rc1 Qc6 19. c4 d4 20. Re1 Kd8 21. Nd2 f5
22. Nf3 Re8 23. Bd2 f4 24. Ne4 Nf5 25. b4 Rh6 26. Rb1 Qg6 27. b5 Nh4 28. Nxh4
Rxh4 29. bxa6 Qxa6 30. g3 Rh3 31. Qg4 Rh6 32. Qxg7 Rg6 33. Qxh7 Rh6 34. Qf7 Rf8
35. Qd5 Rxh2 36. Rxb7 Qxb7 37. Qxb7 Rfh8 38. Nd6 fxg3 39. Bg5+ 1-0

[Event "12sen.WM-H Naumburg"]
[Site "Naumburg/Saale(20.10.-03.11.)"]
[Date "2002.10.29"]
[Round "7"]
[White "Jaeger, Erich[30Neust]"]
[Black "Just, Joachim"]
[Result "1-0"]
[WhiteElo "1837"]
[BlackElo "2149"]
[PlyCount "97"]
[EventDate "2002.11.??"]

1. d4 e6 2. c4 f5 3. g3 Nf6 4. Bg2 Be7 5. Nc3 O-O 6. Nf3 d6 7. O-O a5 8. b3 Ne4
9. Bb2 Nd7 10. Nd2 Nxc3 11. Bxc3 e5 12. dxe5 dxe5 13. e4 f4 14. Nf3 Bf6 15.
Qd5+ Kh8 16. Bxa5 Ra6 17. Bb4 Be7 18. Qd2 fxg3 19. fxg3 Rb6 20. Bxe7 Qxe7 21.
Nh4 Qc5+ 22. Kh1 Nf6 23. Qf2 Qxf2 24. Rxf2 Rd8 25. Bf3 Rbd6 26. Ng2 Rd4 27. Re2
b6 28. Ne3 Rd3 29. Kg2 c6 30. Nc2 Rxf3 31. Kxf3 Bg4+ 32. Ke3 Bxe2 33. Kxe2 Nxe4
34. Nb4 Nc3+ 35. Ke3 Nd1+ 36. Ke4 Rd2 37. Kxe5 Nc3 38. Nxc6 Rxh2 39. a4 h5 40.
a5 bxa5 41. Rxa5 Nb1 42. Nd4 Rb2 43. c5 Nd2 44. Ra8+ Kh7 45. c6 Nxb3 46. Nxb3
Rxb3 47. c7 Rc3 48. c8=Q Rxc8 49. Rxc8 1-0

[Event "12sen.WM-H Naumburg"]
[Site "Naumburg/Saale(20.10.-03.11.)"]
[Date "2002.10.29"]
[Round "7"]
[White "Jaki, Ingo"]
[Black "Breustedt, Werner"]
[Result "1/2-1/2"]
[WhiteElo "2073"]
[BlackElo "2264"]
[PlyCount "120"]
[EventDate "2002.11.??"]

1. c4 e5 2. Nc3 Nc6 3. g3 g6 4. Bg2 Bg7 5. e3 Nge7 6. Nge2 d6 7. d3 O-O 8. O-O
Be6 9. e4 Qc8 10. Nd5 Kh8 11. Rb1 a5 12. a3 Ng8 13. Bd2 f5 14. f3 fxe4 15. fxe4
Rxf1+ 16. Qxf1 Qd7 17. Qc1 Bg4 18. Qe1 a4 19. Ne3 Be6 20. Nf1 Nh6 21. Qc1 Ng4
22. h3 Nf6 23. Kh2 Na5 24. Bh6 Nb3 25. Bxg7+ Kxg7 26. Qc3 c5 27. Nd2 Nd4 28.
Re1 Qc7 29. b4 axb3 30. Nxd4 cxd4 31. Qxb3 Nd7 32. Rb1 Nc5 33. Qb6 Qxb6 34.
Rxb6 Ra6 35. Rxa6 bxa6 36. Bf1 Bd7 37. Nf3 Ba4 38. Ne1 Bd1 39. Kg1 Na4 40. Kf2
Nc3 41. Ng2 a5 42. Ke1 Ba4 43. Kd2 Bd1 44. Ne1 Kf6 45. Bg2 h5 46. Bf3 Ba4 47.
h4 Kg7 48. Ng2 Bd7 49. Ne1 Kh6 50. Ng2 Na4 51. Ne1 Nc5 52. Bd1 g5 53. Nf3 gxh4
54. Nxh4 Bh3 55. Be2 Ne6 56. Bd1 Nf8 57. Ba4 Kg5 58. Be8 Nh7 59. Bg6 Nf6 60.
Bf5 Bf1 1/2-1/2

[Event "12sen.WM-H Naumburg"]
[Site "Naumburg/Saale(20.10.-03.11.)"]
[Date "2002.10.29"]
[Round "7"]
[White "Jugow, Alexander"]
[Black "Flores_Escuin, Sadurni"]
[Result "1-0"]
[WhiteElo "2242"]
[BlackElo "2078"]
[PlyCount "99"]
[EventDate "2002.11.??"]

1. d4 d6 2. e4 Nf6 3. Nc3 g6 4. Be3 Bg7 5. h3 c6 6. Bd3 Nbd7 7. f4 e5 8. Nf3
Nh5 9. Qd2 exd4 10. Nxd4 Qh4+ 11. Kd1 Nc5 12. Nf3 Bg4 13. Rf1 Bxf3+ 14. Rxf3
Nxd3 15. cxd3 Qe7 16. Kc2 h6 17. Re1 O-O 18. g4 Nf6 19. f5 g5 20. Qg2 Nh7 21.
d4 f6 22. Bf2 b5 23. Kb1 b4 24. Na4 Qd7 25. b3 Rae8 26. Rd3 Rf7 27. Bg3 Bf8 28.
Qc2 Qc8 29. Rde3 Qa6 30. Rc1 Rc8 31. Qh2 c5 32. dxc5 dxc5 33. Nb2 Rd7 34. Nc4
Rcd8 35. e5 fxe5 36. Bxe5 Rd3 37. Qe2 Rxe3 38. Qxe3 Qc6 39. Re1 Qd5 40. Kc2
Qg2+ 41. Re2 Qc6 42. Bb2 Nf6 43. Bxf6 Qxf6 44. Qe6+ Qf7 45. Ne5 Qxe6 46. fxe6
Re8 47. Nd7 Bg7 48. Kd3 Bd4 49. Kc4 a6 50. Nxc5 1-0

[Event "12sen.WM-H Naumburg"]
[Site "Naumburg/Saale(20.10.-03.11.)"]
[Date "2002.10.29"]
[Round "7"]
[White "Kahn, Manfred"]
[Black "Rosen, Willy"]
[Result "1/2-1/2"]
[WhiteElo "2177"]
[BlackElo "2336"]
[PlyCount "83"]
[EventDate "2002.11.??"]

1. c4 e5 2. Nc3 Nf6 3. Nf3 Nc6 4. e3 Bb4 5. Qc2 d6 6. a3 Bc5 7. b4 Bb6 8. Bb2
Bg4 9. Na4 Qe7 10. d3 Nd7 11. Be2 O-O 12. O-O Nd8 13. Nxb6 axb6 14. Rfe1 f5 15.
h3 Bxf3 16. Bxf3 c6 17. g3 Nf6 18. Bg2 Nf7 19. f4 Rfe8 20. e4 Qd7 21. Qf2 fxe4
22. dxe4 b5 23. cxb5 cxb5 24. Rac1 Rac8 25. Qd2 Rc4 26. Qd3 Qc6 27. a4 Qb6+ 28.
Kh2 Rxc1 29. Rxc1 bxa4 30. Qc4 exf4 31. gxf4 Qf2 32. Ba1 Qxf4+ 33. Kh1 Kf8 34.
Rf1 Qh4 35. Qc7 b5 36. Qb7 Ne5 37. Qxb5 a3 38. Qa6 Nf7 39. Bxf6 gxf6 40. Qxa3
Re5 41. Qd3 Kg7 42. Kh2 1/2-1/2

[Event "12sen.WM-H Naumburg"]
[Site "Naumburg/Saale(20.10.-03.11.)"]
[Date "2002.10.29"]
[Round "7"]
[White "Kahn, Peter"]
[Black "Badestein, Hartmut"]
[Result "1/2-1/2"]
[WhiteElo "1939"]
[BlackElo "2122"]
[PlyCount "51"]
[EventDate "2002.11.??"]

1. d4 Nf6 2. Nf3 g6 3. Bg5 Bg7 4. Nbd2 c5 5. Bxf6 exf6 6. dxc5 Qa5 7. c3 O-O 8.
Nb3 Qd8 9. e3 Nc6 10. Be2 a5 11. a4 b6 12. Nfd4 Bb7 13. Nb5 Na7 14. O-O Bc6 15.
cxb6 Qxb6 16. Qd4 Qb8 17. c4 f5 18. Qd2 Be5 19. Nxa5 Bxh2+ 20. Kh1 Be4 21. f3
Bg3 22. Qxd7 Nxb5 23. fxe4 Rxa5 24. cxb5 Ra7 25. Qd4 Be5 26. Qb4 1/2-1/2

[Event "12sen.WM-H Naumburg"]
[Site "Naumburg/Saale(20.10.-03.11.)"]
[Date "2002.10.29"]
[Round "7"]
[White "Kanko, Ilkka"]
[Black "Petkevitch, Josef"]
[Result "0-1"]
[WhiteElo "2265"]
[BlackElo "2439"]
[PlyCount "54"]
[EventDate "2002.11.??"]

1. d4 Nf6 2. c4 d6 3. Nc3 Nbd7 4. e4 e5 5. Nge2 c6 6. f3 Be7 7. Be3 a6 8. Qd2
b5 9. Nc1 Bb7 10. Nb3 O-O 11. Be2 bxc4 12. Bxc4 a5 13. O-O a4 14. Nc1 a3 15.
N1e2 d5 16. exd5 cxd5 17. Bb3 Bb4 18. bxa3 Rxa3 19. Rac1 Re8 20. dxe5 Nxe5 21.
Rfd1 Ba6 22. Nd4 Bc4 23. Nc2 Bxb3 24. axb3 Rxb3 25. Nxb4 Nc4 26. Qa2 Rxb4 27.
Nxd5 Nxe3 0-1

[Event "12sen.WM-H Naumburg"]
[Site "Naumburg/Saale(20.10.-03.11.)"]
[Date "2002.10.29"]
[Round "7"]
[White "Kelchner, Hans"]
[Black "Mietner, Franz"]
[Result "0-1"]
[WhiteElo "2149"]
[BlackElo "1742"]
[PlyCount "48"]
[EventDate "2002.11.??"]

1. Nf3 Nf6 2. g3 g6 3. Bg2 Bg7 4. O-O O-O 5. c4 c5 6. Nc3 Nc6 7. d4 cxd4 8.
Nxd4 Qb6 9. Nb3 d6 10. Be3 Qd8 11. h3 Be6 12. Nd5 Qd7 13. Kh2 Ne5 14. Rc1 Rfc8
15. Nxf6+ Bxf6 16. c5 Nc4 17. Bd4 Nxb2 18. Bxb2 Bxb2 19. Rb1 Ba3 20. Na5 Rab8
21. Bxb7 Rxc5 22. Nb3 Rh5 23. Bf3 Bxb3 24. Bg4 Qxg4 0-1

[Event "12sen.WM-H Naumburg"]
[Site "Naumburg/Saale(20.10.-03.11.)"]
[Date "2002.10.29"]
[Round "7"]
[White "Keze, Arnis"]
[Black "Fries, Karl_Heinz"]
[Result "1-0"]
[WhiteElo "2046"]
[BlackElo "1727"]
[PlyCount "117"]
[EventDate "2002.11.??"]

1. d4 d5 2. Nf3 e6 3. c4 c6 4. Nc3 f5 5. e3 Nf6 6. Ne5 Nbd7 7. f4 Bd6 8. Be2
O-O 9. Qb3 Qe7 10. Bd2 Ne4 11. Nxe4 fxe4 12. Rc1 a5 13. a4 Qh4+ 14. g3 Qe7 15.
h4 Bxe5 16. dxe5 Re8 17. g4 Nc5 18. Qc2 Nd7 19. cxd5 exd5 20. g5 Nf8 21. h5 Bf5
22. Qc5 Qd8 23. Bc3 Ne6 24. Qa3 Qb6 25. Bd2 Kh8 26. h6 g6 27. b4 axb4 28. Bxb4
Rac8 29. a5 Qa7 30. Bc5 Nxc5 31. Qxc5 Qxc5 32. Rxc5 Ra8 33. Kd2 Rec8 34. Rhc1
Bd7 35. Rb1 Ra7 36. Kc3 Kg8 37. Kd4 Kf7 38. Rb6 Rca8 39. a6 bxa6 40. Ra5 Ke7
41. Kc5 Rc7 42. Raxa6 Rxa6 43. Rxa6 Rb7 44. Ra8 Rb2 45. Ba6 Rc2+ 46. Kb6 d4 47.
exd4 e3 48. Rh8 e2 49. Rxh7+ Kd8 50. Bxe2 Rxe2 51. Rg7 Rh2 52. Rxg6 Rb2+ 53.
Kc5 Ke7 54. Rg7+ Ke6 55. f5+ Kxf5 56. Rxd7 Rc2+ 57. Kd6 Kxg5 58. h7 Rh2 59.
Kxc6 1-0

[Event "12sen.WM-H Naumburg"]
[Site "Naumburg/Saale(20.10.-03.11.)"]
[Date "2002.10.29"]
[Round "7"]
[White "Kosanski, Stanko"]
[Black "Shestoperov, Alexej"]
[Result "1/2-1/2"]
[WhiteElo "2386"]
[BlackElo "2464"]
[PlyCount "87"]
[EventDate "2002.11.??"]

1. e4 c5 2. Nc3 Nc6 3. g3 g6 4. Bg2 Bg7 5. f4 d6 6. Nf3 e6 7. O-O Nge7 8. d3
O-O 9. g4 f5 10. gxf5 exf5 11. Ne2 Kh8 12. c3 Rb8 13. Ng3 Be6 14. Bd2 fxe4 15.
dxe4 d5 16. Ng5 Bg8 17. f5 dxe4 18. fxg6 Rxf1+ 19. Nxf1 Nxg6 20. Bxe4 Qe8 21.
Qh5 Nf8 22. Qh3 Ne5 23. Re1 Qd7 24. Bf5 Qc6 25. b3 b5 26. Ng3 Rd8 27. Re2 Nf3+
28. Nxf3 Qxf3 29. Be4 Qf7 30. Rf2 Qe6 31. Bf5 Qc6 32. Nh5 Bh6 33. Bxh6 Rd1+ 34.
Rf1 Rxf1+ 35. Qxf1 Qxh6 36. Qe2 Qc1+ 37. Kf2 Qxc3 38. Qe7 Qd4+ 39. Kg3 Ng6 40.
Bxg6 hxg6 41. Nf6 Qg1+ 42. Kh3 Qf1+ 43. Kg3 Qg1+ 44. Kh3 1/2-1/2

[Event "12sen.WM-H Naumburg"]
[Site "Naumburg/Saale(20.10.-03.11.)"]
[Date "2002.10.29"]
[Round "7"]
[White "Kraemer, Franz_Josef"]
[Black "Bernhoeft, Erhard"]
[Result "0-1"]
[WhiteElo "1801"]
[BlackElo "1988"]
[PlyCount "128"]
[EventDate "2002.11.??"]

1. e4 c5 2. Nf3 Nc6 3. c3 Nf6 4. Bd3 d6 5. O-O g6 6. Bc2 Bg7 7. Na3 O-O 8. Nc4
b5 9. Ne3 Bb7 10. Qe2 a6 11. Re1 e6 12. d3 Qc7 13. Nf1 Nd7 14. Ng5 b4 15. Bd2
bxc3 16. bxc3 h6 17. Nf3 a5 18. Ne3 Nf6 19. Rac1 Ba6 20. Qd1 Rab8 21. Rb1 Kh7
22. Qc1 Rfc8 23. Rxb8 Rxb8 24. h3 d5 25. exd5 exd5 26. Ng4 Nxg4 27. hxg4 Qd7
28. g5 h5 29. Qa3 Bf8 30. Qc1 Bb7 31. Ba4 Qf5 32. Bf4 Rc8 33. Bc2 d4 34. Nh4
Qg4 35. Bg3 Be7 36. Qf4 Qxf4 37. Bxf4 dxc3 38. Nf3 Bf8 39. Ne5 Nd4 40. Bb3 Nxb3
41. axb3 Bd5 42. Rc1 Bxb3 43. Rxc3 a4 44. Nd7 Be7 45. Nf6+ Kg7 46. Be5 Kf8 47.
f4 c4 48. Ne4 Rc6 49. dxc4 Bxc4 50. Rc1 Ke8 51. Rd1 Bb3 52. Re1 Kd7 53. Nf6+
Kc8 54. Bd4 Bb4 55. Re8+ Kb7 56. Ne4 Rc4 57. Be3 a3 58. Nd2 Rc1+ 59. Kh2 Bxd2
60. Bxd2 a2 61. Re7+ Kc8 62. Ra7 a1=Q 63. Rxa1 Rxa1 64. Bc3 Ra2 0-1

[Event "12sen.WM-H Naumburg"]
[Site "Naumburg/Saale(20.10.-03.11.)"]
[Date "2002.10.29"]
[Round "7"]
[White "Kraidman, Yair"]
[Black "Viner, Phillip"]
[Result "1-0"]
[WhiteElo "2314"]
[BlackElo "2175"]
[PlyCount "173"]
[EventDate "2002.11.??"]

1. d4 Nf6 2. c4 e6 3. Nf3 d5 4. Nc3 Be7 5. Bg5 O-O 6. e3 Nbd7 7. Qc2 c5 8. cxd5
Nxd5 9. Bxe7 Qxe7 10. Nxd5 exd5 11. Bd3 h6 12. dxc5 Nxc5 13. O-O Be6 14. Nd4
Rac8 15. Rfc1 Bd7 16. Qe2 Ne4 17. h3 Qg5 18. f4 Qe7 19. Bxe4 Qxe4 20. Kf2 Rfe8
21. Qf3 Qxf3+ 22. Kxf3 Kf8 23. Ke2 Ke7 24. Kd2 Kd6 25. a3 b6 26. Rxc8 Rxc8 27.
h4 Rc5 28. Rc1 a5 29. Rc3 f6 30. g3 Rc4 31. b3 Rc5 32. b4 axb4 33. axb4 Rxc3
34. Kxc3 Kc7 35. Nc2 Kd6 36. Na3 Kc6 37. Nb1 Be6 38. Nd2 Kb5 39. Nb3 Kc6 40.
Nd4+ Kd6 41. Kd3 Bd7 42. e4 dxe4+ 43. Kxe4 g6 44. Ne2 Bc6+ 45. Kd4 g5 46. hxg5
fxg5 47. fxg5 hxg5 48. Nc3 Ke6 49. Nd1 Kd6 50. Ne3 Bb5 51. Nd5 Kc6 52. Nc3 Ba6
53. Ke5 Bc8 54. Kf6 g4 55. Ke5 Bd7 56. Kd4 Be6 57. Ne2 Bc8 58. Nf4 Kb5 59. Kc3
Kc6 60. Kc4 Ba6+ 61. Kd4 Bc8 62. Nd5 Be6 63. b5+ Kb7 64. Nc3 Kc7 65. Ke5 Bc4
66. Nd5+ Kb7 67. Nc3 Kc7 68. Kf5 Kd6 69. Kxg4 Kc5 70. Kf4 Kb4 71. Ne4 Bxb5 72.
g4 Bc4 73. g5 b5 74. Ke5 Ka3 75. Nd6 Ka4 76. Nxc4 bxc4 77. Kd4 Kb3 78. g6 c3
79. g7 c2 80. g8=Q+ Kb2 81. Qb8+ Ka2 82. Qa7+ Kb2 83. Qb6+ Ka2 84. Qc6 Kb1 85.
Qe4 Kb2 86. Qe2 Kb1 87. Kc3 1-0

[Event "12sen.WM-H Naumburg"]
[Site "Naumburg/Saale(20.10.-03.11.)"]
[Date "2002.10.29"]
[Round "7"]
[White "Krieger, Hermann"]
[Black "Piankov, Evgenij"]
[Result "0-1"]
[WhiteElo "2237"]
[BlackElo "2353"]
[PlyCount "98"]
[EventDate "2002.11.??"]

1. e4 c6 2. d4 d5 3. exd5 cxd5 4. c4 Nf6 5. Nc3 e6 6. Nf3 Bb4 7. cxd5 Nxd5 8.
Bd2 Nc6 9. Bd3 Nf6 10. O-O Be7 11. Qe2 Nb4 12. Bc4 O-O 13. Rad1 a6 14. Bb3 b5
15. a3 Nbd5 16. Ne5 Nxc3 17. Bxc3 Bb7 18. Rfe1 Bd5 19. Bc2 Qc7 20. Rc1 Qb7 21.
f3 b4 22. axb4 Bxb4 23. Qd3 g6 24. Qe3 Be7 25. h4 Nd7 26. h5 Nxe5 27. dxe5 Rfc8
28. Kh2 Rc4 29. hxg6 hxg6 30. Rh1 Bf8 31. Kg3 Bg7 32. Bd3 Rc6 33. Rh4 Qc7 34.
f4 Rb8 35. Rch1 a5 36. Rh7 Rxc3 37. bxc3 Rb2 38. R7h2 g5 39. c4 Bc6 40. Kg4
gxf4 41. Bh7+ Kf8 42. Qc5+ Qe7 43. Qxc6 Bxe5 44. Qc8+ Qe8 45. Qxe8+ Kxe8 46.
Rb1 f5+ 47. Kf3 Rxb1 48. Rh6 Kf7 49. Bg8+ Kxg8 0-1

[Event "12sen.WM-H Naumburg"]
[Site "Naumburg/Saale(20.10.-03.11.)"]
[Date "2002.10.29"]
[Round "7"]
[White "Kripp, Wolfgang"]
[Black "Zoltek, Tadeuz"]
[Result "0-1"]
[WhiteElo "2172"]
[BlackElo "2317"]
[PlyCount "128"]
[EventDate "2002.11.??"]

1. e4 c5 2. c3 Nf6 3. e5 Nd5 4. d4 cxd4 5. Nf3 Nc6 6. cxd4 d6 7. Bc4 Nb6 8. Bb5
a6 9. Bxc6+ bxc6 10. O-O e6 11. Bg5 Qd7 12. exd6 Bxd6 13. Nc3 f6 14. Bh4 O-O
15. Ne4 Be7 16. Bg3 a5 17. Qb3 Nd5 18. Nc3 Qb7 19. Nxd5 cxd5 20. Rfc1 Qxb3 21.
axb3 Bb4 22. Bf4 Bd7 23. Ne1 Bb5 24. Nc2 g5 25. Nxb4 gxf4 26. Nc6 Bxc6 27. Rxc6
Kf7 28. Rc5 Rfb8 29. Rc3 Ra7 30. g3 Rb4 31. Rd3 fxg3 32. hxg3 Rab7 33. Rxa5
Rxb3 34. Rxb3 Rxb3 35. Ra7+ Kg6 36. Re7 Rxb2 37. Rxe6 Rd2 38. Rd6 Rxd4 39. Kf1
h5 40. f3 Rd2 41. Ke1 Rg2 42. Rxd5 Rxg3 43. Kf2 Rg5 44. Rd8 h4 45. Rg8+ Kh7 46.
Ra8 h3 47. Ra1 Rg2+ 48. Ke3 h2 49. Rh1 Kg6 50. f4 Kf5 51. Kf3 Ra2 52. Kg3 Ke4
53. Re1+ Kd3 54. Kf3 Rd2 55. Rc1 Kd4 56. Re1 Kd5 57. Kg3 Ra2 58. Kf3 Ra8 59.
Rh1 Rh8 60. Kg4 Ke4 61. Re1+ Kd4 62. Rh1 Ke3 63. Kf5 Rh6 64. Re1+ Kf3 0-1

[Event "12sen.WM-H Naumburg"]
[Site "Naumburg/Saale(20.10.-03.11.)"]
[Date "2002.10.29"]
[Round "7"]
[White "Krischer, Ulrich"]
[Black "Kudoke, Willy"]
[Result "0-1"]
[WhiteElo "1730"]
[BlackElo "2024"]
[PlyCount "96"]
[EventDate "2002.11.??"]

1. d4 d5 2. Nf3 Nd7 3. e3 g6 4. c4 e6 5. Nc3 c6 6. b3 f5 7. Bd2 Ngf6 8. Ng5 Qe7
9. f3 Bg7 10. cxd5 exd5 11. f4 Ng4 12. Qe2 O-O 13. h3 Ngf6 14. Nf3 Nh5 15. Ne5
Ng3 16. Qf3 Nxh1 17. g3 Nxg3 18. Qxg3 Nf6 19. Be2 Bd7 20. O-O-O Qa3+ 21. Kb1 b5
22. Rg1 Be8 23. h4 Qe7 24. Qg5 a5 25. h5 gxh5 26. Bf3 Ra7 27. Bc1 Ng4 28. Qxe7
Rxe7 29. Bd2 Bxe5 30. dxe5 Rg7 31. Rh1 Ra7 32. Ne2 b4 33. Ng3 Nf2 34. Rh2 Ne4
35. Nxe4 fxe4 36. Bxh5 Bg6 37. Bg4 Bf5 38. Bd1 Rg7 39. Kb2 c5 40. Be2 Rc8 41.
Ba6 Rcc7 42. Bb5 c4 43. bxc4 dxc4 44. Bc1 Rc5 45. Ba4 Rg1 46. Kc2 Kg7 47. Rd2
b3+ 48. Kb1 c3 0-1

[Event "12sen.WM-H Naumburg"]
[Site "Naumburg/Saale(20.10.-03.11.)"]
[Date "2002.10.29"]
[Round "7"]
[White "Kristiansen, Erling"]
[Black "Masich, Vladimir"]
[Result "0-1"]
[WhiteElo "2257"]
[BlackElo "2084"]
[PlyCount "68"]
[EventDate "2002.11.??"]

1. d4 Nf6 2. c4 g6 3. Nc3 Bg7 4. e4 d6 5. Nf3 O-O 6. Be2 e5 7. O-O Nc6 8. Be3
Ng4 9. Bg5 f6 10. Bc1 Re8 11. d5 Ne7 12. b4 a5 13. bxa5 Rxa5 14. Nd2 Nh6 15.
Nb3 Ra8 16. c5 f5 17. f3 f4 18. a4 g5 19. a5 Nf7 20. Nb5 Ng6 21. Bd2 dxc5 22.
Nxc5 Bf8 23. Rc1 c6 24. dxc6 bxc6 25. Bb4 Qxd1 26. Rfxd1 cxb5 27. Bxb5 Rd8 28.
Bc4 Rxd1+ 29. Rxd1 Kg7 30. Ra1 Bxc5+ 31. Bxc5 Ba6 32. Bd5 Rc8 33. Ba3 Nh4 34.
Rb1 Rc2 0-1

[Event "12sen.WM-H Naumburg"]
[Site "Naumburg/Saale(20.10.-03.11.)"]
[Date "2002.10.29"]
[Round "7"]
[White "Krueger, Erich"]
[Black "Reichenbach, Werner"]
[Result "1/2-1/2"]
[WhiteElo "2223"]
[BlackElo "2297"]
[PlyCount "44"]
[EventDate "2002.11.??"]

1. d4 d5 2. c4 c6 3. Nf3 Nf6 4. Nc3 e6 5. e3 a6 6. c5 b6 7. cxb6 Qxb6 8. Bd3
Nbd7 9. O-O c5 10. b3 Bb7 11. Na4 Qd8 12. Ba3 cxd4 13. Bxf8 Kxf8 14. exd4 g6
15. Qd2 Kg7 16. Rac1 Qb8 17. Qa5 Rc8 18. Nc5 Nxc5 19. Rxc5 Nd7 20. Rc3 Rxc3 21.
Qxc3 Qd6 22. Rc1 Rc8 1/2-1/2

[Event "12sen.WM-H Naumburg"]
[Site "Naumburg/Saale(20.10.-03.11.)"]
[Date "2002.10.29"]
[Round "7"]
[White "Kuczmera, Manfred"]
[Black "Fischer, Paul[37Hiltr]"]
[Result "0-1"]
[WhiteElo "1608"]
[BlackElo "1766"]
[PlyCount "80"]
[EventDate "2002.11.??"]

1. d4 g6 2. e4 Bg7 3. c3 d5 4. exd5 Qxd5 5. Nf3 Bg4 6. Be2 Nc6 7. O-O Nf6 8.
Be3 O-O 9. Nbd2 Rad8 10. Re1 Rfe8 11. Nf1 e5 12. dxe5 Nxe5 13. Nd4 Bxe2 14.
Qxe2 Neg4 15. Qc2 Qh5 16. Nf3 Nd5 17. Bd4 b6 18. Bxg7 Kxg7 19. Ng3 Qh6 20. h3
Ngf6 21. c4 Nf4 22. Qc3 Rd3 23. Qc2 Rxe1+ 24. Rxe1 Nxh3+ 25. gxh3 Rxf3 26. Kg2
Rf4 27. Qd2 Rxc4 28. Qd3 Qf4 29. Re2 h5 30. b3 Rd4 31. Qc3 c5 32. f3 h4 33. Ne4
Nxe4 34. fxe4 f6 35. Qc2 Qg5+ 36. Kh1 Qg3 37. Rg2 Qxh3+ 38. Kg1 Qe3+ 39. Kh2
Qxe4 40. Qf2 Qf4+ 0-1

[Event "12sen.WM-H Naumburg"]
[Site "Naumburg/Saale(20.10.-03.11.)"]
[Date "2002.10.29"]
[Round "7"]
[White "Kuhn, Arno[29Ludw]"]
[Black "Kovacs, Les"]
[Result "1-0"]
[WhiteElo "1532"]
[BlackElo "1600"]
[PlyCount "91"]
[EventDate "2002.11.??"]

1. d4 d5 2. c4 e6 3. Nf3 Nf6 4. e3 b6 5. Bd3 Bb7 6. O-O dxc4 7. Bxc4 Be7 8. Nc3
O-O 9. Qe2 Ne4 10. Nd2 Nxc3 11. bxc3 Nd7 12. e4 Nf6 13. Bd3 c5 14. Bb2 a6 15.
e5 Nd5 16. Ne4 Nf4 17. Qc2 Rc8 18. Qd2 Nxd3 19. Qxd3 c4 20. Qe2 Qd5 21. f3 b5
22. a4 b4 23. cxb4 Bxb4 24. Qe3 Qd8 25. Ba3 a5 26. Nc5 Bd5 27. Rfb1 Bxc5 28.
Bxc5 Re8 29. Bb6 Qd7 30. Bxa5 Ra8 31. Qc3 Reb8 32. Rxb8+ Rxb8 33. Bb4 Qb7 34.
Rb1 g5 35. h3 Qa6 36. a5 Kg7 37. Rb2 Qc6 38. Qd2 h6 39. h4 Rc8 40. Bc5 f6 41.
hxg5 fxe5 42. gxh6+ Kh8 43. Qg5 Rg8 44. Qf6+ Kh7 45. Qf7+ Kh8 46. Rb8 1-0